000 00675nam a2200241 a 4500
001 43796
003 BD-RjUL
005 20211209053744.0
008 160627s1954 wau 1 0 eng d
035 _a(BD-RjUL)43914
035 _a1042650
040 _aNUN:S
_beng
_cNUN:S
041 _aeng
082 _a338.91
_bGRE 1954
100 1 _aGrayson, Henry.
_9134614
245 1 0 _aEconomic planning under free enterprise /
_cby Henry Grayson.
260 _aWashington :
_bPublic Affairs Press,
_cc1954.
300 _aviii, 134 p. ;
_c20 cm.
500 _aIncludes index
650 _aEconomic policy.
_9134615
650 _aBusiness forecasting.
_9134616
942 _2ddc
_cBK
999 _c43796
_d43796